Statistiche per Più grandi città del mondo

Clicka qui per fare il quiz!

Statistiche generali

  • Questo quiz è stato fatto 1.949 volte
  • Il punteggio medio è 22 su 50

Statistiche sulle risposte

PopolazioneArea urbana% Corretto
22.2 milNew York
97%
20.7 milPechino
93%
14.5 milLondra
93%
39.8 milTokyo
91%
11.3 milParigi
88%
17.1 milMosca
86%
17.7 milLos Angeles
84%
22.3 milCittà del Messico
77%
27.2 milDelhi
76%
12.7 milRio de Janeiro
76%
31.1 milShanghai
75%
16.0 milBuenos Aires
72%
9.80 milChicago
60%
21.9 milSan Paolo
60%
17.1 milIl Cairo
59%
23.6 milMumbai
57%
24.8 milSeul
55%
7.70 milSan Francisco
53%
14.6 milIstanbul
52%
8.40 milWashington, DC
52%
17.4 milBangkok
51%
28.9 milGiacarta
47%
16.2 milCalcutta
46%
9.50 milBogotá
46%
10.1 milLima
44%
17.6 milLagos
41%
14.0 milTeheran
40%
7.55 milBoston
39%
17.8 milOsaka
38%
24.1 milManila
38%
48.6 milCanton
36%
17.9 milDacca
33%
13.1 milJohannesburg
31%
9.05 milTaipei
29%
10.9 milKinshasa
27%
25.1 milKarachi
26%
10.8 milBangalore
20%
8.10 milWuhan
20%
10.5 milLahore
17%
11.8 milTientsin
16%
10.3 milChennai
16%
8.30 milHo Chi Minh
16%
9.75 milChengdu
10%
10.5 milNagoya
10%
9.20 milHyderabad
8%
10.1 milXiamen
7%
8.45 milHangzhou
6%
7.65 milAhmedabad
6%
7.80 milShenyang
4%
8.15 milShantou
2%

Distribuzione punteggi

Percentile per numero di risposta

Percentuale di utenti per punteggio

I tuoi punteggi nel tempo

Non hai fatto questo quiz